<?xml version="1.0" encoding="UTF-8"?>
<record
    xmlns:xsi="http://www.w3.org/2001/XMLSchema-instance"
    xsi:schemaLocation="http://www.loc.gov/MARC21/slim http://www.loc.gov/standards/marcxml/schema/MARC21slim.xsd"
    xmlns="http://www.loc.gov/MARC21/slim">

  <leader>00657nam a22002177a 4500</leader>
  <controlfield tag="003">UA-OsUOA</controlfield>
  <controlfield tag="001"> 100551 </controlfield>
  <controlfield tag="007">ta</controlfield>
  <controlfield tag="008">20130528b un ||||| |||| 00| 0 ukr d</controlfield>
  <datafield tag="100" ind1=" " ind2=" ">
    <subfield code="a">&#x41C;&#x430;&#x43D;&#x44C;&#x43A;&#x43E; &#x412;.&#x41E;.</subfield>
  </datafield>
  <datafield tag="090" ind1=" " ind2=" ">
    <subfield code="a">902</subfield>
    <subfield code="b">&#x41C;24</subfield>
  </datafield>
  <datafield tag="942" ind1=" " ind2=" ">
    <subfield code="c">SA</subfield>
  </datafield>
  <datafield tag="040" ind1=" " ind2=" ">
    <subfield code="a">UA-OsUOA</subfield>
    <subfield code="b">ukr</subfield>
    <subfield code="c">UA-OsUOA</subfield>
    <subfield code="d">UA-OsUOA</subfield>
  </datafield>
  <datafield tag="245" ind1=" " ind2=" ">
    <subfield code="a">&#x406;&#x434;&#x435;&#x457; &#x413;. &#x427;&#x430;&#x439;&#x43B;&#x434;&#x430; &#x442;&#x430; &#x457;&#x445; &#x437;&#x430;&#x441;&#x442;&#x43E;&#x441;&#x443;&#x432;&#x430;&#x43D;&#x43D;&#x44F; &#x434;&#x43B;&#x44F; &#x432;&#x438;&#x432;&#x447;&#x435;&#x43D;&#x43D;&#x44F; &#x43D;&#x435;&#x43E;&#x43B;&#x456;&#x442;&#x443; &#x421;&#x445;&#x456;&#x434;&#x43D;&#x43E;&#x457; &#x404;&#x432;&#x440;&#x43E;&#x43F;&#x438;</subfield>
  </datafield>
  <datafield tag="300" ind1=" " ind2=" ">
    <subfield code="a">&#x421;.16-33</subfield>
  </datafield>
  <datafield tag="955" ind1=" " ind2=" ">
    <subfield code="a">0</subfield>
  </datafield>
  <datafield tag="041" ind1=" " ind2=" ">
    <subfield code="a">ukr</subfield>
  </datafield>
  <datafield tag="080" ind1=" " ind2=" ">
    <subfield code="a">902</subfield>
  </datafield>
  <datafield tag="773" ind1="0" ind2=" ">
    <subfield code="w">100548</subfield>
    <subfield code="t">&#x410;&#x440;&#x445;&#x435;&#x43E;&#x43B;&#x43E;&#x433;&#x456;&#x44F;</subfield>
    <subfield code="d">&#x41A;.</subfield>
    <subfield code="d">2013</subfield>
    <subfield code="g">1</subfield>
  </datafield>
  <datafield tag="650" ind1=" " ind2="7">
    <subfield code="a">9 &#x413;&#x435;&#x43E;&#x433;&#x440;&#x430;&#x444;&#x456;&#x44F;. &#x411;&#x456;&#x43E;&#x433;&#x440;&#x430;&#x444;&#x456;&#x457;. &#x406;&#x441;&#x442;&#x43E;&#x440;&#x456;&#x44F;</subfield>
    <subfield code="2">UDC</subfield>
  </datafield>
  <datafield tag="999" ind1=" " ind2=" ">
    <subfield code="c">387074</subfield>
    <subfield code="d">387074</subfield>
  </datafield>
</record>
